| 000 | 00929cam a22002534a 4500 | ||
|---|---|---|---|
| 001 | sa 66001292 | ||
| 003 | DLC | ||
| 005 | 20260227112220.0 | ||
| 008 | 890609s1966 ii b 000 0 hino | ||
| 010 | _asa 66001292 | ||
| 035 | _a(OCoLC)19842441 | ||
| 040 |
_aDLC _cDLC |
||
| 050 | 0 | 0 |
_aPK2929 _b.T75 1966 |
| 100 | 1 |
_aTripāṭhī, Rāmasāgara, _d1917- |
|
| 245 | 1 | 0 |
_aMuktaka kāvya paramparā aura Bihāri / _clekhaka, Rāmasāgara Tripāṭhī. |
| 250 | _a2. saṃśodhita evaṃ parivardhita saṃskaraṇa. | ||
| 260 |
_aDillī : _bAśoka Prakāśana. _c1966. |
||
| 300 |
_axxxii, 472 p. ; _c22 cm. |
||
| 546 | _aIn Hindi. | ||
| 500 | _a"Āgarā Viśvavidyālaya kī Pī. Eca. Ḍī. upādhi ke lie svīkr̥ta śodha prabandha." | ||
| 504 | _aIncludes bibliographical references (p. [467]-472). | ||
| 650 | 0 |
_aIndic poetry _xHistory and criticism. |
|
| 600 | 0 | 0 |
_aVihārī Lāla, _cKavi _xCriticism and interpretation. |
| 999 |
_c67699 _d67699 |
||